000 00652nam a22002297a 4500
003 LK-CoMWRAF
005 20240115013733.0
008 240115b1991 |||||||| |||| 00| 0 eng d
020 _a8120604016
040 _aLK-CoMWRAF
_dLK-CoMWRAF
_eLK-CoMWRAF
041 _atam
082 _a894.8111
_bTHI
100 _aதிருவள்ளுவர்
_vThiruvalluvar
245 _aதிருக்குறள்
246 _aThirukkural
260 _aNew Delhi:
_bAsian educational services,
_c1991
300 _a267 p. unnumbered p.
650 _aTAMIL POETRY
700 _aDrew, W.H.
_etrans.
700 _aLazarus, John
_etrans.
942 _cBK
999 _c4622
_d4622